LEADER 01043nam0-2200349---450- 001 990009334570403321 005 20110429110206.0 010 $a88-430-2354-3 035 $a000933457 035 $aFED01000933457 035 $a(Aleph)000933457FED01 035 $a000933457 100 $a20110324d2002----km-y0itay50------ba 101 1 $aita$ceng 102 $aIT 105 $a--------001yy 200 1 $aAmleto in Purgatorio$efigure dell'aldilà$fStephen Greenblatt 210 $aRoma$cCarocci editore$d2002 215 $a298 p.$cill.$d22 cm 225 1 $aSaggi$v18 300 $aTraduzione di Maria Cristina Coldagelli 610 0 $aPurgatorio$aConcezione$aSec. 13.-16. 610 0 $aShakespeare, William$aAmleto$aRiferimenti al purgatorio 676 $a822.33 700 1$aGreenblatt,$bStephen$0175616 801 0$aIT$bUNINA$gRICA$2UNIMARC 901 $aBK 912 $a990009334570403321 952 $a822.33 SHAK/S 80 IT$bDip.fil.mod.17229$fFLFBC 959 $aFLFBC 996 $aAmleto in Purgatorio$9766611 997 $aUNINA LEADER 01380nam 2200385 450 001 9910332517303321 005 20230814233448.0 010 $a1-7281-0382-7 035 $a(CKB)4100000008867544 035 $a(WaSeSS)IndRDA00122962 035 $a(EXLCZ)994100000008867544 100 $a20200511d2018 uy 0 101 0 $aeng 135 $aur||||||||||| 181 $ctxt$2rdacontent 182 $cc$2rdamedia 183 $acr$2rdacarrier 200 10$a2018 XIII Latin American Conference on Learning Technologies $e1-5 October 2018, São Paulo, Brazil /$fInstitute of Electrical and Electronics Engineers 210 1$aPiscataway, New Jersey :$cInstitute of Electrical and Electronics Engineers,$d2018. 215 $a1 online resource (88 pages) 311 $a1-7281-0383-5 606 $aEducational technology$vCongresses 606 $aInstructional systems$xDesign$vCongresses 606 $aTechnological innovations$zLatin America$vCongresses 615 0$aEducational technology 615 0$aInstructional systems$xDesign 615 0$aTechnological innovations 676 $a371.33 712 02$aInstitute of Electrical and Electronics Engineers, 801 0$bWaSeSS 801 1$bWaSeSS 906 $aPROCEEDING 912 $a9910332517303321 996 $a2018 XIII Latin American Conference on Learning Technologies$92528196 997 $aUNINA